Al Montseny, fulles i fulls! : de 3 a 6 anys de 3 a 6 anys
Descripción Física:
[10] pàg. ; il·lustracions color ; 21 x 30 cm
Colección:
Parcs i biblioteques... Naturalment!
Materias:
Barcelona (Catalunya : Província). -- Xarxa de Parcs Naturals -- Activitats culturals
; Barcelona (Catalunya : Província). -- Xarxa de Biblioteques Municipals -- Activitats culturals
; Parc Natural del Montseny (Catalunya)
; Educació ambiental
; Material didàctic
; Fulletons
Idioma:
Catalán
MARC
| LEADER | 00000nam a22000007a 4500 | ||
|---|---|---|---|
| 001 | 28426 | ||
| 003 | AGDB | ||
| 005 | 20260324181522.0 | ||
| 008 | 240311b spa||||| |||| 00| 0 cat d | ||
| 017 | |a B 20399-2023 | ||
| 040 | |a agdb |b cat | ||
| 110 | |a Parc Natural del Montseny (Catalunya) |9 10461 | ||
| 245 | |a Al Montseny, fulles i fulls! : |b de 3 a 6 anys | ||
| 260 | |a Barcelona : |b Diputació de Barcelona ; |b Diputació de Girona ; |c 2023 | ||
| 300 | |a [10] pàg. ; |b il·lustracions color ; |c 21 x 30 cm | ||
| 490 | |a Parcs i biblioteques... Naturalment! | ||
| 500 | |a Dossier didàctic de "El Montseny a la motxilla”, una proposta educativa adreçada a les famílies per donar a conèixer el parc. | ||
| 610 | 1 | 0 | |a Barcelona (Catalunya : Província). |b Xarxa de Parcs Naturals |x Activitats culturals |9 52895 |
| 610 | 1 | 0 | |a Barcelona (Catalunya : Província). |b Xarxa de Biblioteques Municipals |x Activitats culturals |9 52699 |
| 610 | 0 | |a Parc Natural del Montseny (Catalunya) |9 10461 | |
| 650 | 0 | |a Educació ambiental |9 30861 | |
| 650 | 0 | |a Material didàctic |2 Arxiu |9 22831 | |
| 655 | 0 | |a Fulletons |9 55858 | |
| 710 | 2 | |a APRÈN, Serveis Ambientals |9 70323 |e disseny i contingut | |
| 710 | 1 | |a Barcelona (Catalunya : Província). |b Diputació |e entitat editora |9 52408 | |
| 710 | 1 | |a Girona (Catalunya : Província). |b Diputació |9 11479 |e entitat editora | |
| 942 | |c ARXIU |2 udc |n 1 | ||
| 952 | |0 0 |1 0 |4 0 |6 FU7674 |7 1 |9 96834 |a Arxiu |b Arxiu |d 2024-03-11 |l 0 |o FU-76-74 |p 28426 |r 2024-03-11 00:00:00 |w 2024-03-11 |y ARXIU | ||
| 999 | |c 128671 |d 128671 | ||